000 00533nam a2200181Ia 4500
003 OSt
005 20220622142821.0
008 220614s9999||||xx |||||||||||||| ||und||
020 _a9781118414552
040 _c
100 _aLipiansky
245 0 _aElectrical, Electronics, and Digital Hardware Essentials for Scientists and Engineers
250 _a1st Edition
260 _bWiley
650 _aElectrical & Electronics Engineering
856 _uhttps://onlinelibrary.wiley.com/doi/book/10.1002/9781118414552
942 _cEB
_2ddc
999 _c7383
_d7383